Normal view MARC view

Entry Nombre personal

Number of records used in: 31

001 - NÚMERO DE CONTROL

  • campo de control: 48707

003 - IDENTIFICADOR DE NÚMERO DE CONTROL

  • campo de control: SpMaBN

005 - FECHA Y HORA DE LA ÚLTIMA TRANSACCIÓN

  • campo de control: 20240207192433.0

008 - ELEMENTOS DE DATO DE LONGITUD-FIJA

  • campo de control de longitud fija: 901120nn ainnnaabn a aaa

016 ## - NÚMERO DE CONTROL DE UNA AGENCIA BIBLIOGRÁFICA NACIONAL

  • Número de control del registro: BNE19900049441

024 8# - IDENTIFICADOR DE OTROS ESTÁNDARES

  • Número estándar o código: http://pares.mcu.es:80/ParesBusquedas20/catalogo/autoridad/154 345

024 7# - IDENTIFICADOR DE OTROS ESTÁNDARES

  • Número estándar o código: http://viaf.org/viaf/34456353/
  • Fuente: viaf

024 7# - IDENTIFICADOR DE OTROS ESTÁNDARES

  • Número estándar o código: https://isni.org/isni/0000000059429558
  • Fuente: isni

024 7# - IDENTIFICADOR DE OTROS ESTÁNDARES

  • Número estándar o código: http://www.wikidata.org/entity/Q3080062
  • Fuente: wikidata

040 ## - FUENTE DE CATALOGACIÓN

  • Centro catalogador/agencia de origen: SpMaBN
  • Lengua de catalogación: spa
  • Centro/agencia transcriptor: SpMaBN
  • Normas de descripción: rdc
  • Convención/Normas de encabezamiento de materia/tesauro: embne

046 ## - FECHAS CON CODIFICACIÓN ESPECIAL

  • Fecha de nacimiento: 1935

100 1# - ENCABEZAMIENTO-NOMBRE DE PERSONA

  • Nombre de persona: Falcón, Lidia,
  • Fechas asociadas al nombre: 1935-

370 ## - LUGAR ASOCIADO

  • Lugar de nacimiento: Madrid, España
  • Fuente de información: (Wikidata)
  • Número de control del registro de autoridad o número normalizado: XX450543

372 ## - CAMPO DE ACTIVIDAD

  • Campo de actividad: Feminismo
  • Fuente de información: Wikidata

374 ## - OCUPACIÓN

  • Ocupación: Abogados
  • Ocupación: Politicos
  • Ocupación: Escritores
  • Fuente de información: Wikidata

375 ## - GÉNERO/SEXO

  • Género: Femenino

377 ## - IDIOMA ASOCIADO

  • Término de lengua/lenguaje: Español

400 10 - TRAZADO DE VÉASE--NOMBRE DE PERSONA

  • Nombre de persona: Falcón O'Neill, Lidia,
  • Fechas asociadas al nombre: 1935-

670 ## - FUENTE DE DATOS ENCONTRADOS

  • Cita de la fuente: Rupturas, 1985
  • Información encontrada: port. (Lidia Falcon)

670 ## - FUENTE DE DATOS ENCONTRADOS

  • Cita de la fuente: Catálogo de escritoras feministas actuales en lengua castellana, 1992
  • Información encontrada: port. (Lidia Falcón) p. 37 (Falcón O'Neill, Lidia; Madrid, 1935)